[Event "SK Ochtrup 1 - SG Turm Raesfeld/Erle 2"]
[Site "Verbandsklasse 2015/2016"]
[Date "2016.05.28"]
[Round "9.1"]
[White "Bölker, Franz"]
[Black "Jacob, Helmut"]
[Result "1-0"]
[WhiteElo "1788"]
[BlackElo "1961"]
[PlyCount "81"]
[EventDate "2016.??.??"]
[SourceDate "2015.10.31"]

1. d4 f5 2. c4 e6 3. Nf3 Nf6 4. g3 c6 5. Bg2 d5 6. Nbd2 Bd6 7. O-O O-O 8. a3 a5
9. b3 Nbd7 10. Bb2 Ne4 11. Ne5 Qf6 12. f4 g5 13. e3 Qg7 14. Nxe4 fxe4 15. Qg4
Nxe5 16. fxe5 Be7 17. Rxf8+ Bxf8 18. Rf1 Bd7 19. Bh3 Be7 20. Qe2 Rf8 21. c5
Rxf1+ 22. Kxf1 Qf7+ 23. Kg1 h5 24. Bc3 g4 25. Bg2 a4 26. b4 Bg5 27. Bd2 Qe8 28.
Qd1 Qf8 29. Qxa4 Qh6 30. Qa8+ Kf7 31. Kf2 h4 32. Qxb7 hxg3+ 33. hxg3 Ke8 34.
Qa8+ Ke7 35. Qa6 Qf8+ 36. Kg1 Qh6 37. Qe2 Qg6 38. a4 Qg8 39. b5 Bh6 40. b6 Bc8
41. a5 1-0

[Event "SK Ochtrup 1 - SG Turm Raesfeld/Erle 2"]
[Site "Verbandsklasse 2015/2016"]
[Date "2016.05.28"]
[Round "9.2"]
[White "Boshe-Plois, Stefan"]
[Black "Brömmel, Chris"]
[Result "1-0"]
[WhiteElo "1763"]
[BlackElo "1798"]
[PlyCount "63"]
[EventDate "2016.??.??"]
[SourceDate "2015.10.31"]

1. e4 c6 2. d4 d5 3. Nc3 dxe4 4. Nxe4 Bf5 5. Ng3 Bg6 6. Nf3 Nd7 7. h4 h6 8. h5
Bh7 9. Bd3 Bxd3 10. Qxd3 Ngf6 11. Bd2 e6 12. O-O-O Bd6 13. Ne4 Nxe4 14. Qxe4
Nf6 15. Qe2 Qc7 16. Ne5 O-O-O 17. Rh3 Bxe5 18. dxe5 Nd5 19. Rb3 Nb6 20. Bb4
Rxd1+ 21. Kxd1 Qd8+ 22. Bd6 Qh4 23. Qf3 Qd4+ 24. Ke1 f5 25. Rb4 Qd5 26. Qa3 Nc4
27. Rxc4 Qxc4 28. Qxa7 Qe4+ 29. Kd1 Qd5+ 30. Kc1 Qb5 31. Qb8+ Kd7 32. Qc7+ 1-0

[Event "SK Ochtrup 1 - SG Turm Raesfeld/Erle 2"]
[Site "Verbandsklasse 2015/2016"]
[Date "2016.05.28"]
[Round "9.3"]
[White "Kadenbach, Wolfgang"]
[Black "Holtmannspötter, Thomas"]
[Result "1/2-1/2"]
[WhiteElo "1731"]
[BlackElo "1762"]
[PlyCount "101"]
[EventDate "2016.??.??"]
[SourceDate "2015.10.31"]

1. d4 Nf6 2. Nf3 e6 3. c4 d5 4. Nc3 Be7 5. Bg5 Nbd7 6. e3 c6 7. Rc1 O-O 8. Bd3
dxc4 9. Bxc4 Qa5 10. O-O e5 11. dxe5 Nxe5 12. Nxe5 Qxe5 13. Bf4 Qa5 14. Qc2 Bf5
15. Bd3 Bxd3 16. Qxd3 Rad8 17. Qe2 Bb4 18. a3 Bxc3 19. Rxc3 Nd5 20. Rc2 Nxf4
21. exf4 Rfe8 22. Qf3 Qf5 23. Rc3 Re7 24. Re3 Rde8 25. Rxe7 Rxe7 26. Rd1 h6 27.
h3 Rd7 28. Re1 Rd2 29. b4 Rd3 30. Re3 Rd4 31. Re7 Rd7 32. Re5 Qb1+ 33. Kh2 Qd3
34. Re8+ Kh7 35. Qg4 Qd6 36. h4 Re7 37. Rf8 Qf6 38. h5 Re4 39. g3 Re6 40. Qf3
g6 41. hxg6+ Qxg6 42. f5 Qf6 43. Qg4 Qg7 44. fxe6 Qxg4 45. e7 Qh5+ 46. Kg2 Qd5+
47. f3 Qd2+ 48. Kf1 Qd1+ 49. Kf2 Qd2+ 50. Kf1 Qc1+ 51. Kf2 1/2-1/2

[Event "SK Ochtrup 1 - SG Turm Raesfeld/Erle 2"]
[Site "Verbandsklasse 2015/2016"]
[Date "2016.05.28"]
[Round "9.4"]
[White "Moor, Daniel"]
[Black "Suer, Julian"]
[Result "1-0"]
[WhiteElo "1774"]
[BlackElo "1727"]
[PlyCount "75"]
[EventDate "2016.??.??"]
[SourceDate "2015.10.31"]

1. e4 d5 2. exd5 Nf6 3. d4 Nxd5 4. c4 Nb6 5. Nc3 g6 6. h3 Bg7 7. Nf3 O-O 8. Be3
Nc6 9. Be2 e5 10. d5 Ne7 11. O-O f5 12. Qb3 Kh8 13. Rad1 e4 14. Ne1 f4 15. Bxb6
axb6 16. Nxe4 Nf5 17. Nf3 Bd7 18. Nc3 Nh4 19. d6 Nxf3+ 20. Bxf3 Bc6 21. dxc7
Qxc7 22. Bxc6 bxc6 23. Rfe1 f3 24. g3 Be5 25. Ne4 h5 26. Rd3 h4 27. g4 Qf7 28.
Ng5 Qf4 29. Nxf3 Rae8 30. Rde3 Bd4 31. Rxe8 Bxf2+ 32. Kf1 Bxe1 33. Rxf8+ Qxf8
34. Kxe1 Qe7+ 35. Kf2 Qc5+ 36. Qe3 Qxc4 37. Qc3+ Qxc3 38. bxc3 1-0

[Event "SK Ochtrup 1 - SG Turm Raesfeld/Erle 2"]
[Site "Verbandsklasse 2015/2016"]
[Date "2016.05.28"]
[Round "9.5"]
[White "Cvetkovic, Reinhard"]
[Black "Schmerling, Janek"]
[Result "0-1"]
[WhiteElo "1683"]
[BlackElo "1664"]
[PlyCount "48"]
[EventDate "2016.??.??"]
[SourceDate "2015.10.31"]

1. e4 e5 2. Nf3 Nc6 3. Bc4 Nf6 4. Ng5 d5 5. exd5 Na5 6. Bb5+ c6 7. dxc6 bxc6 8.
Be2 h6 9. Nf3 Bd6 10. d4 e4 11. Ne5 O-O 12. O-O Qc7 13. Bf4 Nd5 14. Bg3 f5 15.
c4 f4 16. cxd5 fxg3 17. Nc3 gxh2+ 18. Kh1 Bxe5 19. dxe5 Qxe5 20. Qa4 Nb7 21.
dxc6 Nc5 22. Qa5 Rb8 23. b4 Qxc3 24. bxc5 Qxa5 0-1

[Event "SK Ochtrup 1 - SG Turm Raesfeld/Erle 2"]
[Site "Verbandsklasse 2015/2016"]
[Date "2016.05.28"]
[Round "9.6"]
[White "Kaiser, Günter"]
[Black "Droste, Laurenz"]
[Result "0-1"]
[WhiteElo "1631"]
[BlackElo "1612"]
[PlyCount "60"]
[EventDate "2016.??.??"]
[SourceDate "2015.10.31"]

1. e4 e6 2. d4 b6 3. Nd2 Bb7 4. Ngf3 c5 5. c3 cxd4 6. cxd4 Bb4 7. Bd3 Ne7 8.
O-O Bxd2 9. Bxd2 O-O 10. Re1 f5 11. Bg5 fxe4 12. Bxe4 Bxe4 13. Rxe4 Qe8 14. Ne5
Ng6 15. Qg4 Nxe5 16. dxe5 Nc6 17. f4 Qg6 18. Qe2 Rf7 19. Rd1 Raf8 20. h4 h6 21.
h5 Qh7 22. Bh4 Rxf4 23. Rxf4 Rxf4 24. Bg3 Rf7 25. Qa6 Qf5 26. Qc8+ Kh7 27. Rxd7
Rxd7 28. Qxd7 Nxe5 29. Qxa7 Ng4 30. Qa6 Qc5+ 0-1

[Event "SK Ochtrup 1 - SG Turm Raesfeld/Erle 2"]
[Site "Verbandsklasse 2015/2016"]
[Date "2016.05.28"]
[Round "9.7"]
[White "Terhart, Jürgen"]
[Black "Jacob, Barbara"]
[Result "1-0"]
[WhiteElo "1771"]
[BlackElo "1554"]
[PlyCount "77"]
[EventDate "2016.??.??"]
[SourceDate "2015.10.31"]

1. d4 Nf6 2. c4 e5 3. d5 d6 4. Nc3 Be7 5. e4 O-O 6. Bd3 Na6 7. Bc2 Nb4 8. Bb3
a5 9. a3 Na6 10. Bc2 Bd7 11. Nge2 Nc5 12. O-O Qc8 13. f3 h6 14. Be3 g5 15. Ng3
Kh7 16. Nf5 Bxf5 17. exf5 Rg8 18. g4 Kg7 19. Kf2 Ncd7 20. Qd2 Kf8 21. h4 Nh7
22. Rh1 gxh4 23. Bxh6+ Ke8 24. Ne4 Nhf6 25. g5 Nxe4+ 26. fxe4 Qd8 27. Rag1 Nb6
28. Bd3 Nd7 29. Be2 Nc5 30. Rxh4 Nb3 31. Qe3 Nd4 32. Bh5 Kd7 33. Bxf7 Rh8 34.
Qh3 c6 35. f6+ Kc7 36. fxe7 Qxe7 37. Be6 Raf8+ 38. Bxf8 Rxf8+ 39. Bf5 1-0

[Event "SK Ochtrup 1 - SG Turm Raesfeld/Erle 2"]
[Site "Verbandsklasse 2015/2016"]
[Date "2016.05.28"]
[Round "9.8"]
[White "Segeler, Julian"]
[Black "Schönstädt, Hans-Werner"]
[Result "0-1"]
[WhiteElo "1489"]
[BlackElo "1536"]
[PlyCount "64"]
[EventDate "2016.??.??"]
[SourceDate "2015.10.31"]

1. e4 e5 2. f4 Bc5 3. Nf3 d6 4. d3 Nc6 5. fxe5 dxe5 6. c3 Bg4 7. Nbd2 a6 8. h3
Bxf3 9. Nxf3 h6 10. Qb3 Rb8 11. Bd2 Nf6 12. O-O-O O-O 13. g4 b5 14. g5 hxg5 15.
Bxg5 b4 16. Rg1 bxc3 17. Qxc3 Bxg1 18. Qxc6 Rb6 19. Qc2 Bd4 20. Nxd4 Qxd4 21.
Bd2 Qd7 22. Kb1 Rfb8 23. Bc3 Rc6 24. Ka1 Qe6 25. Qh2 Nd7 26. h4 Rd8 27. Bh3 Qh6
28. Bxd7 Rxd7 29. Bd2 Qh5 30. Rf1 Rxd3 31. a3 Rc2 32. Rd1 Qxd1+ 0-1

[Event "Schach Nienberge 2 - SC Klein-Berlin Rh"]
[Site "Verbandsklasse 2015/2016"]
[Date "2016.05.28"]
[Round "9.1"]
[White "van Dijk, Guido"]
[Black "Melkert, Tim"]
[Result "0-1"]
[WhiteElo "1717"]
[BlackElo "1902"]
[PlyCount "90"]
[EventDate "2016.??.??"]
[SourceDate "2015.10.31"]

1. e4 e6 2. d4 d5 3. exd5 exd5 4. Bd3 Nc6 5. c3 Bd6 6. Nf3 Bg4 7. h3 Bh5 8. Be3
Nf6 9. Nbd2 Qd7 10. Qc2 Bg6 11. Nh4 Bxd3 12. Qxd3 Ne7 13. g4 h6 14. O-O-O O-O-O
15. f4 g6 16. Nhf3 h5 17. Ne5 Bxe5 18. fxe5 Ne8 19. Bg5 Ng7 20. Qf3 Ne6 21. Bf6
Rh7 22. Kb1 Re8 23. Rdf1 c5 24. Nb3 c4 25. Na1 b5 26. Nc2 Nc6 27. Ne3 Nc7 28.
a3 a5 29. h4 b4 30. axb4 axb4 31. Kc2 bxc3 32. bxc3 Na5 33. Ra1 Nb3 34. Ra7
hxg4 35. Qg2 Kb8 36. Ra2 Rh5 37. Rf1 Re6 38. Qxg4 Qb5 39. Rb1 Rb6 40. Kd1 Ra6
41. Rab2 Qa5 42. Bd8 Qxc3 43. Bxc7+ Kb7 44. Nxd5 Qd3+ 45. Rd2 Qxd2# 0-1

[Event "Schach Nienberge 2 - SC Klein-Berlin Rh"]
[Site "Verbandsklasse 2015/2016"]
[Date "2016.05.28"]
[Round "9.2"]
[White "Schipke, Thorsten"]
[Black "Ratert, Matthias"]
[Result "0-1"]
[WhiteElo "1810"]
[BlackElo "1828"]
[PlyCount "59"]
[EventDate "2016.??.??"]
[SourceDate "2015.10.31"]

1. e4 e5 2. f4 Bc5 3. Nc3 Bxg1 4. Rxg1 d6 5. d4 Nc6 6. dxe5 Qh4+ 7. g3 Qxh2 8.
Rg2 Qh1 9. Be3 h5 10. exd6 Bg4 11. d7+ Bxd7 12. f5 Nf6 13. Qe2 Ng4 14. O-O-O
Nce5 15. Bf4 O-O-O 16. Bxe5 Nxe5 17. Qe3 Bxf5 18. Rxd8+ Rxd8 19. Rg1 Qf3 20.
Qf4 Bg4 21. Be2 Qxf4+ 22. gxf4 Bxe2 23. Nxe2 Ng4 24. Nc3 g6 25. f5 gxf5 26.
exf5 Rh8 27. Nd5 c6 28. Nf4 Ne3 29. f6 Nd5 30. Rg7 0-1

[Event "Schach Nienberge 2 - SC Klein-Berlin Rh"]
[Site "Verbandsklasse 2015/2016"]
[Date "2016.05.28"]
[Round "9.3"]
[White "Hauk, Viktor"]
[Black "Van de Vyle, Jan"]
[Result "1-0"]
[WhiteElo "1768"]
[BlackElo "1760"]
[PlyCount "97"]
[EventDate "2016.??.??"]
[SourceDate "2015.10.31"]

1. d4 d5 2. c4 Nc6 3. Nf3 Bg4 4. e3 Nf6 5. cxd5 Qxd5 6. Be2 e6 7. Nc3 Bb4 8.
O-O Bxc3 9. bxc3 O-O 10. c4 Qe4 11. Qb3 Ne7 12. Bd3 Qc6 13. Ne5 Qb6 14. Nxg4
Nxg4 15. Be4 Rab8 16. Qc2 f5 17. c5 Qa6 18. Bd3 Qc6 19. Rb1 a6 20. f3 Nf6 21.
Bd2 Qd6 22. Bc4 Nc6 23. Rfd1 Kh8 24. Qb3 Rfe8 25. Be1 Qe7 26. Rb2 Nd8 27. Bxa6
b6 28. Bc4 b5 29. Qc2 c6 30. a4 Nd5 31. Bxd5 exd5 32. Qxf5 Qxe3+ 33. Bf2 Qc3
34. Qd7 Rg8 35. Rdb1 b4 36. Rb3 Qc2 37. Bg3 Rb7 38. Qc8 Ra7 39. Rxb4 Rxa4 40.
R4b2 Qc3 41. Be5 Qa5 42. Qf5 Ra1 43. h4 Rxb1+ 44. Rxb1 Qd2 45. f4 Qe2 46. Kh2
Re8 47. Rb3 Kg8 48. Qd7 Qh5 49. Qxg7# 1-0

[Event "Schach Nienberge 2 - SC Klein-Berlin Rh"]
[Site "Verbandsklasse 2015/2016"]
[Date "2016.05.28"]
[Round "9.4"]
[White "Dirks, Frank"]
[Black "Brinkmann, Franz-Josef"]
[Result "1/2-1/2"]
[WhiteElo "1773"]
[BlackElo "1769"]
[PlyCount "83"]
[EventDate "2016.??.??"]
[SourceDate "2015.10.31"]

1. e4 c5 2. Nc3 Nc6 3. g3 e6 4. Bg2 a6 5. d3 d6 6. Nh3 Nf6 7. O-O Be7 8. f4 Qb6
9. Kh1 Nd4 10. Ne2 e5 11. f5 Bd7 12. b3 O-O-O 13. Bd2 g6 14. Nxd4 cxd4 15. g4
h6 16. Nf2 Rdg8 17. h3 Bc6 18. fxg6 fxg6 19. a4 g5 20. Bf3 Be8 21. Kh2 Kb8 22.
Kg2 h5 23. Rb1 hxg4 24. Nxg4 Nh5 25. Rf2 Nf4+ 26. Bxf4 gxf4 27. Qe2 Bh4 28.
Rff1 Qc7 29. Rh1 Qe7 30. Rbg1 Rh7 31. Kf1 Bg3 32. Qg2 Rgh8 33. Ke2 Qc7 34. Kd1
Qc3 35. Nf6 Rc7 36. Qd2 Qc6 37. Nxe8 Qxe8 38. Bg4 Qd8 39. Kc1 Qh4 40. Kb1 Bf2
41. Rg2 Be3 42. Qd1 1/2-1/2

[Event "Schach Nienberge 2 - SC Klein-Berlin Rh"]
[Site "Verbandsklasse 2015/2016"]
[Date "2016.05.28"]
[Round "9.5"]
[White "Miethe, Christoph"]
[Black "Scharlow, Siegmar"]
[Result "1/2-1/2"]
[WhiteElo "1712"]
[BlackElo "1776"]
[PlyCount "118"]
[EventDate "2016.??.??"]
[SourceDate "2015.10.31"]

1. e4 c5 2. c3 Nf6 3. e5 Nd5 4. d4 cxd4 5. cxd4 Nc6 6. Nf3 d6 7. Be2 dxe5 8.
dxe5 Bg4 9. O-O e6 10. Qa4 Bh5 11. Nc3 Nxc3 12. bxc3 Be7 13. g4 Bg6 14. Bb5 O-O
15. Bxc6 bxc6 16. Nd4 Qd5 17. Nxc6 Bc5 18. Be3 Rfc8 19. Bxc5 Qxc5 20. Nd4 Qxe5
21. Qa3 Qf4 22. h3 e5 23. Nf5 Bxf5 24. gxf5 Qxf5 25. Kh2 Qf3 26. Rac1 Rc4 27.
Qe7 Rxc3 28. Rxc3 Qxc3 29. Qb7 Qc8 30. Qe7 Qe8 31. Qb7 Qc8 32. Qe4 Qe8 33. Qb7
a5 34. Rc1 e4 35. Rc7 Qb8 36. Qxb8+ Rxb8 37. Ra7 g6 38. Rxa5 Rb2 39. Kg3 Kg7
40. Ra6 f5 41. h4 Kh6 42. a4 Rb3+ 43. Kg2 Kh5 44. Ra7 h6 45. Ra6 Ra3 46. a5 f4
47. Re6 Rxa5 48. Rxe4 Kxh4 49. Rxf4+ Kg5 50. Rf8 Rf5 51. Ra8 Kg4 52. f3+ Rxf3
53. Ra6 Rg3+ 54. Kh2 Kh4 55. Kh1 h5 56. Rb6 g5 57. Rb5 Kh3 58. Rxg5 Kh4 59.
Rxg3 Kxg3 1/2-1/2

[Event "Schach Nienberge 2 - SC Klein-Berlin Rh"]
[Site "Verbandsklasse 2015/2016"]
[Date "2016.05.28"]
[Round "9.6"]
[White "Hagemann, Lars"]
[Black "Huesmann, Stephan"]
[Result "1/2-1/2"]
[WhiteElo "1695"]
[BlackElo "1705"]
[PlyCount "106"]
[EventDate "2016.??.??"]
[SourceDate "2015.10.31"]

1. e4 e6 2. d4 d5 3. exd5 exd5 4. Nf3 c5 5. Bb5+ Nc6 6. Ne5 Nge7 7. Qe2 Be6 8.
O-O Qc7 9. Bf4 O-O-O 10. Nxc6 Qxf4 11. Nxd8 Kxd8 12. Qe5 Qxe5 13. dxe5 c4 14.
c3 a6 15. Ba4 Bf5 16. Nd2 b5 17. Bd1 Nc6 18. Nf3 Bc5 19. b4 Nxb4 20. cxb4 Bxb4
21. Nd4 Bd7 22. Ne2 Re8 23. f4 Bc5+ 24. Kh1 b4 25. Bc2 Bg4 26. Ng3 g6 27. h3
Be6 28. Rad1 Kc7 29. f5 gxf5 30. Nxf5 Rd8 31. Nd4 Kb6 32. Bxh7 Bxd4 33. Rxd4
Kc5 34. Rfd1 a5 35. Bc2 Rh8 36. Kg1 Rh5 37. Kf2 Rxe5 38. g4 Kb5 39. h4 a4 40.
g5 b3 41. axb3 axb3 42. Bxb3 cxb3 43. Rb1 Kc5 44. Rd3 d4 45. Rdxb3 Bxb3 46.
Rxb3 Kc4 47. Rb7 Rf5+ 48. Ke2 d3+ 49. Ke3 Re5+ 50. Kd2 Re2+ 51. Kd1 Rf2 52. h5
Kc3 53. Rc7+ Kd4 1/2-1/2

[Event "Schach Nienberge 2 - SC Klein-Berlin Rh"]
[Site "Verbandsklasse 2015/2016"]
[Date "2016.05.28"]
[Round "9.7"]
[White "Pohlmeier, Ulrich"]
[Black "Jörgensmann, Rolf"]
[Result "0-1"]
[WhiteElo "1562"]
[BlackElo "1664"]
[PlyCount "76"]
[EventDate "2016.??.??"]
[SourceDate "2015.10.31"]

1. d4 d5 2. c4 e6 3. g3 Bb4+ 4. Bd2 Bxd2+ 5. Nxd2 Nc6 6. Ngf3 Nf6 7. Bg2 O-O 8.
O-O Re8 9. Rc1 e5 10. dxe5 Nxe5 11. cxd5 Nxf3+ 12. Bxf3 Nxd5 13. Bxd5 Qxd5 14.
Rxc7 Bh3 15. e4 Qd6 16. Rxb7 Bxf1 17. Qb3 Qe6 18. Qxe6 Rxe6 19. Kxf1 Rb6 20.
Rxb6 axb6 21. a3 Rc8 22. Ke2 Rc2 23. b3 b5 24. Ke3 Ra2 25. Nb1 Ra1 26. Nd2 Rxa3
27. h4 Ra2 28. f4 Kf8 29. e5 g6 30. Kd3 Ke7 31. Kc3 Kd7 32. Ne4 h6 33. Kb4 Kc6
34. Nc3 Rg2 35. Nxb5 Rxg3 36. Nd4+ Kb6 37. f5 Rg4 38. e6 Rxd4+ 0-1

[Event "Schach Nienberge 2 - SC Klein-Berlin Rh"]
[Site "Verbandsklasse 2015/2016"]
[Date "2016.05.28"]
[Round "9.8"]
[White "Kösters, Michael"]
[Black "Wilde, Jürgen"]
[Result "1-0"]
[WhiteElo "1547"]
[BlackElo "1619"]
[PlyCount "89"]
[EventDate "2016.??.??"]
[SourceDate "2015.10.31"]

1. d4 d5 2. Nf3 c6 3. Bf4 e6 4. e3 f5 5. Ne5 Nf6 6. Nd2 Nbd7 7. Ndf3 Nxe5 8.
Nxe5 Qb6 9. Rb1 Qa5+ 10. c3 Qxa2 11. Bd3 Be7 12. O-O O-O 13. Qc2 Qa5 14. Ra1
Qd8 15. h3 Bd6 16. f3 Nh5 17. Bh2 Bxe5 18. Bxe5 Qg5 19. Qf2 f4 20. Rfe1 Bd7 21.
Kh2 c5 22. Bd6 Rf6 23. Be7 c4 24. Bxf6 Qxf6 25. Bc2 a6 26. e4 Rf8 27. exd5 exd5
28. Re5 Qf7 29. Qh4 Nf6 30. Rae1 Re8 31. Kg1 g6 32. Qxf4 Rxe5 33. dxe5 Nh5 34.
Qg5 Nf4 35. Kh2 Kg7 36. Kg3 Ne6 37. Qd2 g5 38. Qxd5 Qf4+ 39. Kf2 Qh4+ 40. g3
Qxh3 41. Qxd7+ Kh8 42. Qe8+ Kg7 43. Qe7+ Kh8 44. Qf6+ Kg8 45. Bf5 1-0

[Event "Indische Dame Münster 1 - SF Beelen 2"]
[Site "Verbandsklasse 2015/2016"]
[Date "2016.05.28"]
[Round "9.2"]
[White "Knispel-Roth, Martin"]
[Black "Hofene, Josef"]
[Result "1-0"]
[WhiteElo "1897"]
[BlackElo "1719"]
[PlyCount "57"]
[EventDate "2016.??.??"]
[SourceDate "2015.10.31"]

1. Nf3 c5 2. c4 Nf6 3. g3 d5 4. cxd5 Nxd5 5. Bg2 Nc6 6. O-O g6 7. d4 cxd4 8.
Nxd4 Bg7 9. Nxc6 bxc6 10. Qa4 Bd7 11. Rd1 O-O 12. e4 Nb6 13. Qc2 Qc8 14. Nc3
Bh3 15. Bg5 e5 16. Na4 Bxg2 17. Kxg2 Qg4 18. Be3 f5 19. f3 Qh5 20. Bxb6 fxe4
21. Qxe4 axb6 22. Nxb6 Rab8 23. Nc4 Rbd8 24. Rd6 Rde8 25. Rad1 Re7 26. Rd8 Ref7
27. Rxf8+ Rxf8 28. Rd7 Qg5 29. a4 1-0

[Event "Indische Dame Münster 1 - SF Beelen 2"]
[Site "Verbandsklasse 2015/2016"]
[Date "2016.05.28"]
[Round "9.3"]
[White "Fartmann, Franz-Josef"]
[Black "Frie, Michael"]
[Result "0-1"]
[WhiteElo "1792"]
[BlackElo "1882"]
[PlyCount "40"]
[EventDate "2016.??.??"]
[SourceDate "2015.10.31"]

1. b3 e5 2. Bb2 d6 3. e3 Nc6 4. Be2 g6 5. d3 Bg7 6. Nd2 f5 7. c4 Nge7 8. a3 a5
9. Qc2 O-O 10. Ngf3 h6 11. h4 Bd7 12. Nf1 Rb8 13. Ng3 Qe8 14. Bc3 Kh8 15. Rb1
d5 16. Qb2 f4 17. Nxe5 d4 18. exd4 fxg3 19. Nxd7 gxf2+ 20. Kf1 Nf5 0-1

[Event "Indische Dame Münster 1 - SF Beelen 2"]
[Site "Verbandsklasse 2015/2016"]
[Date "2016.05.28"]
[Round "9.5"]
[White "Schemmann, Bernhard"]
[Black "ter Veen, Michael"]
[Result "1-0"]
[WhiteElo "1845"]
[BlackElo "1755"]
[PlyCount "101"]
[EventDate "2016.??.??"]
[SourceDate "2015.10.31"]

1. f4 d5 2. Nf3 Nf6 3. g3 Bf5 4. Bg2 h6 5. O-O c5 6. Ne5 Nbd7 7. c4 e6 8. cxd5
exd5 9. Qb3 Qb6 10. Bxd5 Qxb3 11. Bxb3 Bh3 12. Rf3 c4 13. Bxc4 Bc5+ 14. e3 O-O
15. Nc3 Rac8 16. Bb3 Bd6 17. d4 Bb4 18. Bd2 Bf5 19. Rff1 Bxc3 20. Bxc3 Be4 21.
Bb4 Nxe5 22. fxe5 Nd5 23. Bxf8 Kxf8 24. Rac1 Rc6 25. Rxc6 bxc6 26. Bxd5 Bxd5
27. b3 Ke7 28. Rc1 Kd7 29. Rc5 Kc7 30. Kf2 Kb6 31. Ke2 Be4 32. Kd2 a5 33. Rc1
Kb5 34. Rf1 Bd5 35. Kd3 Kb4 36. e4 Be6 37. Rc1 Kb5 38. Rc5+ Kb6 39. Rc2 g6 40.
a4 Kc7 41. d5 Bd7 42. Kd4 Kb6 43. Rc4 Be8 44. b4 axb4 45. Rxb4+ Ka7 46. Kc5
cxd5 47. exd5 Bd7 48. Kd6 Bf5 49. Ke7 Ka6 50. Kxf7 Ka5 51. Rb8 1-0

[Event "Indische Dame Münster 1 - SF Beelen 2"]
[Site "Verbandsklasse 2015/2016"]
[Date "2016.05.28"]
[Round "9.6"]
[White "Glotzbach, Thomas"]
[Black "Bleier, Thomas"]
[Result "1/2-1/2"]
[WhiteElo "1718"]
[BlackElo "1637"]
[PlyCount "100"]
[EventDate "2016.??.??"]
[SourceDate "2015.10.31"]

1. e4 e6 2. d4 d5 3. Nd2 c5 4. c3 Nc6 5. Ngf3 cxd4 6. cxd4 Qb6 7. exd5 exd5 8.
Nb3 Bd6 9. Bd3 Bg4 10. O-O Nge7 11. Be3 O-O 12. Bxh7+ Kh8 13. Bc2 Rac8 14. a3
Rfe8 15. h3 Bf5 16. Bxf5 Nxf5 17. Ng5 Kg8 18. Qh5 Nh6 19. Nc5 Bxc5 20. dxc5 Qb3
21. Nf3 Rxe3 22. fxe3 Qxe3+ 23. Kh1 Qxc5 24. Rac1 Qd6 25. Ne5 Rc7 26. Ng4 Nxg4
27. Qxg4 Rd7 28. Qf4 d4 29. Qxd6 Rxd6 30. Rfd1 d3 31. Rc3 Ne5 32. Kg1 f6 33.
Rc8+ Kh7 34. Rc7 Rb6 35. Rd2 Rb3 36. Kf2 a6 37. Rc3 Rb5 38. Ke3 Rd5 39. Ke4 Rd6
40. Rc5 Kh6 41. g3 b6 42. Rxe5 fxe5 43. Kxe5 Rd8 44. Ke4 Kg5 45. Rxd3 Re8+ 46.
Kf3 Rf8+ 47. Ke2 Rf6 48. Rd5+ Kg6 49. Ke3 Rc6 50. Kd4 Kf6 1/2-1/2

[Event "Indische Dame Münster 1 - SF Beelen 2"]
[Site "Verbandsklasse 2015/2016"]
[Date "2016.05.28"]
[Round "9.7"]
[White "Hofene, Markus"]
[Black "Dittberner, Markus"]
[Result "0-1"]
[WhiteElo "1627"]
[BlackElo "1642"]
[PlyCount "44"]
[EventDate "2016.??.??"]
[SourceDate "2015.10.31"]

1. e4 c5 2. Nf3 d6 3. d4 cxd4 4. Nxd4 Nf6 5. Nc3 g6 6. Be2 Bg7 7. Be3 O-O 8. h4
h5 9. Qd2 Nc6 10. f3 Bd7 11. O-O-O Qa5 12. Nb3 Qc7 13. Rdg1 Ne5 14. Bg5 Rfc8
15. Qd1 Rab8 16. Bxf6 exf6 17. g4 hxg4 18. fxg4 Qd8 19. g5 fxg5 20. hxg5 Be6
21. Nd5 Nc4 22. Qf1 Bxd5 0-1

[Event "Indische Dame Münster 1 - SF Beelen 2"]
[Site "Verbandsklasse 2015/2016"]
[Date "2016.05.28"]
[Round "9.8"]
[White "Overesch, Dieter"]
[Black "Merkentrup, Ralf"]
[Result "1-0"]
[WhiteElo "1701"]
[BlackElo "1593"]
[PlyCount "45"]
[EventDate "2016.??.??"]
[SourceDate "2015.10.31"]

1. d4 d5 2. Nf3 Nf6 3. e3 e6 4. Bd3 c5 5. c3 Nc6 6. Nbd2 Bd6 7. O-O Qc7 8. Qe2
Bd7 9. dxc5 Bxc5 10. e4 O-O-O 11. b4 Bb6 12. Bb2 dxe4 13. Nxe4 Nd5 14. g3 h6
15. b5 Nce7 16. Ba3 Be8 17. c4 Nf6 18. c5 Ba5 19. Rac1 Kb8 20. Nd6 Ned5 21. Bb2
b6 22. Nxe8 Rhxe8 23. Be5 1-0

[Event "Südlohner SV 2 - SF Stadtlohn 1"]
[Site "Verbandsklasse 2015/2016"]
[Date "2016.05.28"]
[Round "9.1"]
[White "Mullink, Jochem"]
[Black "Sparwel, Oliver"]
[Result "1-0"]
[WhiteElo "1952"]
[BlackElo "1935"]
[PlyCount "81"]
[EventDate "2016.??.??"]
[SourceDate "2015.10.31"]

1. Nf3 d6 2. d4 Nf6 3. c4 g6 4. Nc3 Bg7 5. e4 O-O 6. Be2 Na6 7. O-O c5 8. d5
Nc7 9. h3 Nfe8 10. Bg5 f5 11. exf5 Bxf5 12. Qd2 Nf6 13. Rae1 e5 14. dxe6 Bxe6
15. Rd1 Nce8 16. Rfe1 Qd7 17. Bf4 Rd8 18. Ng5 Bf7 19. b3 a6 20. Bf3 b5 21. Nxf7
Rxf7 22. Nd5 Kh8 23. Bg5 b4 24. Bh6 Qf5 25. Bxg7+ Kxg7 26. Re3 Nxd5 27. Bxd5
Ra7 28. Rde1 Nf6 29. Rf3 Qh5 30. Rxf6 Kxf6 31. Qb2+ Kg5 32. Bf3 Qh4 33. Re4
Qxe4 34. Bxe4 Re7 35. f4+ Kh6 36. Bf3 Rf8 37. h4 Re3 38. Qd2 Rc3 39. Qxd6 Rf5
40. Bg4 Rf7 41. Be6 1-0

[Event "Südlohner SV 2 - SF Stadtlohn 1"]
[Site "Verbandsklasse 2015/2016"]
[Date "2016.05.28"]
[Round "9.2"]
[White "Harbers, Gerard"]
[Black "Te Sligte, Bert"]
[Result "1/2-1/2"]
[WhiteElo "1880"]
[BlackElo "1839"]
[PlyCount "56"]
[EventDate "2016.??.??"]
[SourceDate "2015.10.31"]

1. e4 e5 2. Nf3 Nc6 3. Bb5 a6 4. Ba4 Nf6 5. O-O Be7 6. Re1 b5 7. Bb3 O-O 8. a4
Bb7 9. axb5 axb5 10. Rxa8 Bxa8 11. c3 d6 12. d3 Na5 13. Bc2 c5 14. h3 Qc7 15.
Nbd2 Nc6 16. Bb3 b4 17. Nc4 Bb7 18. Bd2 Rb8 19. Nh2 Bc8 20. Ne3 Be6 21. Bxe6
fxe6 22. Qb3 Kf7 23. cxb4 Nxb4 24. Neg4 Nc6 25. Qc3 Nd4 26. Nxf6 Bxf6 27. Bc1
Rb3 28. Qc4 Rb4 1/2-1/2

[Event "Südlohner SV 2 - SF Stadtlohn 1"]
[Site "Verbandsklasse 2015/2016"]
[Date "2016.05.28"]
[Round "9.3"]
[White "Krosenbrink, Marcel"]
[Black "Telöken, Stefan"]
[Result "1-0"]
[WhiteElo "1774"]
[BlackElo "1770"]
[PlyCount "79"]
[EventDate "2016.??.??"]
[SourceDate "2015.10.31"]

1. d4 d5 2. Nf3 Nf6 3. Bg5 e6 4. e3 Be7 5. Bd3 h6 6. Bf4 O-O 7. Nbd2 b6 8. Ne5
Bb7 9. g4 Ne4 10. Bg3 Nd7 11. Nxd7 Qxd7 12. f4 c5 13. c3 cxd4 14. exd4 e5 15.
fxe5 f6 16. Nxe4 dxe4 17. Bc4+ Bd5 18. Bxd5+ Qxd5 19. Qb3 Qxb3 20. axb3 fxe5
21. dxe5 Bg5 22. Rf1 Rxf1+ 23. Kxf1 Rd8 24. h4 Rd3 25. hxg5 Rxg3 26. gxh6 gxh6
27. Rxa7 Rxg4 28. Ra6 Rg6 29. c4 Re6 30. c5 Rxe5 31. c6 Rc5 32. Rxb6 Kf7 33. b4
Rc1+ 34. Ke2 Ke6 35. b5 Kd5 36. Rb7 Rc2+ 37. Ke3 Rxb2 38. c7 Rc2 39. b6 Kd6 40.
Rb8 1-0

[Event "Südlohner SV 2 - SF Stadtlohn 1"]
[Site "Verbandsklasse 2015/2016"]
[Date "2016.05.28"]
[Round "9.5"]
[White "Becking, Stefan"]
[Black "Musholt, Joachim"]
[Result "1/2-1/2"]
[WhiteElo "1673"]
[BlackElo "1651"]
[PlyCount "37"]
[EventDate "2016.??.??"]
[SourceDate "2015.10.31"]

1. e4 c5 2. d4 cxd4 3. c3 d5 4. exd5 Qxd5 5. cxd4 e5 6. Nc3 Qxd4 7. Qxd4 exd4
8. Nb5 Na6 9. a3 Bg4 10. h3 Bd7 11. Nf3 Be7 12. Bf4 Nf6 13. Nbxd4 Nc5 14. b4
Nd5 15. Bh2 Ne6 16. Nxe6 Bxe6 17. Bb5+ Kf8 18. O-O Bf6 19. Be5 1/2-1/2